00456nam a2200157 b 4500003000500000005001700005008004100022020002600063040002400089041001400113082001200127100004800139245005100187260003700238300002300275322820260305144025.0210817s9999 xx e 000 1 AFR d a0868124176 (softback) aMPLbengc3228erda aAfrikaans aAF STRA a STRAUSS, Frieda Pretoria, 1993 eauthor 0aHaar liefde vir Wolf /cAuthor: Freda Strauss  aPretoriabBenedic Boekec© 1993 a184 pages :c21 cm